00708nam a2200181 a 450000100100000000500170001000800410002702000150006804000250008310000270010824500970013526000370023230000210026950000750029070000330036595201110039899900170050900004083720201002034421.0130909s1996 sp 000 0 spa d a8440662785 aDO-SdBNPbspacBNPHU1 aRedfield, James96725614aLas nueve Revelaciones :bManual /cJames Redfield, Carol Adrienne ; traductor Jordi Gubern. aBarcelona :bEdiciones B,c1996. a320 p. ;c24 cm. aIncluye datos biográficos de los autores en la solapa de la cubierta1 aJordi, Gubern,etrad.967257 001054708MOaGRbGRcCTd2013-09-09iLF1l0o p40837-10r2020-06-25w2020-06-25y4ZPréstamo en sala c40327d40327